Manual de derecho privado. Tomo IV /
Guardado en:
| Autor Principal: | |
|---|---|
| Otros Autores: | |
| Formato: | Desconocido |
| Idioma: | Spanish |
| Publicado: |
Buenos Aires :
Eudeba,
2019.
|
| Edición: | 1a. ed. |
| Series: | Manuales de derecho
|
| Materias: | |
| Etiquetas: |
Agregar Etiqueta
Sin Etiquetas, Sea el primero en etiquetar este registro!
|
| LEADER | 00563nac a22001815a 4500 | ||
|---|---|---|---|
| 001 | DER.der014625 | ||
| 008 | 201218i2019####ag#||||||||||||||#||spa|| | ||
| 005 | 20251217123031.0 | ||
| 245 | 1 | 0 | |a Manual de derecho privado. |p Tomo IV / |c Aida Kemelmajer de Carlucci, Mauricio Boretto. |
| 250 | |a 1a. ed. | ||
| 260 | |a Buenos Aires : |b Eudeba, |c 2019. | ||
| 300 | |a 157 p. | ||
| 490 | 1 | |a Manuales de derecho | |
| 020 | |a 9789502329062 | ||
| 100 | 1 | |a Kemelmajer de Carlucci, Aida | |
| 700 | 1 | |a Boretto, Mauricio | |
| 650 | 7 | |a DERECHO PRIVADO | |
| 859 | |a DERECHO |b BIB. DERECHO |h 346 |i KEM |p 009925 | ||
